Pasca

Bibliographic Details
Main Author: Dahl, Arne, 1963- (Author)
Other Authors: Chelemendiková, Anna (Translator)
Format: Book
Language:Slovak
English
PhysicalDescription:392 strán 21 cm
Published: Bratislava GRADA Slovakia s.r.o. - Cosmopolis 2021
ISBN:9788080901875
9788080901899
9788080901882
Edition:1. vydanie
Subjects:

MARC

LEADER 00000cam a2200000 4500
001 vtls012060691
003 SK-MaSNL
005 20260301203557.0
008 210701s2021 xo gr 000 f slo
015 |a SNBA2021/10 
020 |a 9788080901875  |q (viazané) 
020 |a 9788080901899  |q (ePub) 
020 |a 9788080901882  |q (pdf) 
040 |a SNK  |b slo  |c SNK  |e rda 
041 1 |a slo  |h eng 
044 |a xo  |c SK 
072 7 |a 821.11  |x Germánske literatúry  |2 konspekt 
080 |a 821.113.6-31  |2 2011 
080 |a (0:82-312.4)  |2 2011 
100 1 |a Dahl, Arne,  |d 1963-  |4 aut  |9 243757 
240 1 0 |a Mittvatten  |l Slovensky 
245 1 |a Pasca  |c Arne Dahl ; zo švédskeho originálu Mittvatten ... preložila do slovenčiny Anna Chelemendiková 
246 1 |i Obálkový podnázov:  |a Čoskoro vydýchneš naposledy- 
250 |a 1. vydanie 
264 1 |a Bratislava  |b GRADA Slovakia s.r.o. - Cosmopolis  |c 2021 
300 |a 392 strán  |c 21 cm 
336 |a text  |b txt  |2 rdacontent 
337 |a bez média  |b n  |2 rdamedia 
338 |a zväzok  |b nc  |2 rdacarrier 
500 |a Vydala GRADA Slovakia s.r.o. pod značkou Cosmopolis 
500 |a Obsahuje biografické údaje o autorovi na záložke prebalu publikácie 
655 7 |a švédske romány  |2 SNKPH  |9 70708 
655 7 |a detektívne romány  |2 SNKPH  |9 70455 
655 7 |a Swedish fiction  |2 SNKPHeng  |9 280059 
655 7 |a Detective novels  |2 SNKPHeng  |9 121444 
700 1 |a Chelemendiková, Anna  |4 trl  |9 85088 
787 0 8 |i Zo série:  |t Berger a Blom  |g 3. diel 
919 |a 978-80-8090-187-5 
919 |a 978-80-8090-189-9 
919 |a 978-80-8090-188-2 
958 |a LX 
958 |a UP 
968 |b SVE 
999 |c 903085  |d 905015 
952 |a SNK  |b SNK  |y PREZ  |7 0  |p 17A1457553  |o snkSC 193944  |i snk2021/11513  |8 0  |0 0  |1 0  |4 0  |d 2021-09-03  |f 1  |l 0  |r 2025-10-10 00:00:00  |w 2026-02-24 
952 |a SNK  |b SNK  |y PREZ  |7 0  |p 17A1457554  |o snkSC 193944 D1  |i snk2021/11515  |8 0  |0 0  |1 0  |4 0  |d 2021-09-03  |l 0  |r 2026-02-24 07:19:28  |w 2026-02-24